Hnedé zrnká v cene zlata

Objavenie kávového zrna a história výroby kávy v stredoamerických krajinách. Najväčší svetoví producenti kávy. Káva z kostarických vrchov je jemnejšia.

Enregistré dans:
Détails bibliographiques
Auteur principal: Felde, Ľuba
Format: Chapitre de livre
Langue:slovaque
Sujets:
Tags: Ajouter un tag
Pas de tags, Soyez le premier à ajouter un tag!

MARC

LEADER 00000naa a2200000 4500
001 r047234
005 20231002114436.7
041 0 |a slo 
044 |a SK 
245 1 0 |a Hnedé zrnká v cene zlata  |c Ľuba Felde 
520 |a Objavenie kávového zrna a história výroby kávy v stredoamerických krajinách. Najväčší svetoví producenti kávy. Káva z kostarických vrchov je jemnejšia. 
610 2 0 |a káva 
610 2 0 |a plodiny tropické 
610 2 0 |a produkcia 
610 2 0 |a história 
610 2 0 |a Stredná Amerika 
610 2 0 |a Kostarika 
100 1 |a Felde, Ľuba